Science Quiz

Random Science or Biology Quiz

Aquatic Animals: Real or Fake? Quiz Stats

 Plays Quiz Updated Feb 13, 2015

Challenge
Share
Tweet
Embed
Score 0/30 Timer 03:00
10 Plays Today
% Correct
Crab
95.2%
Salmon
95.1%
Shrimp
94.9%
Crayfish
94.6%
Giant Squid
94.5%
Orca
94.2%
Blowfish
94%
Barracuda
93.9%
Mussel
93.6%
Whale Shark
93.6%
Manatee
93.6%
Sea Cucumber
93.5%
Krill
93%
Moray Eel
92%
Herring
91.9%
% Correct
Marlin
90.4%
Grouper
86.3%
Portuguese Man o' War
85%
Brain Coral
80.5%
Terrapin
80.3%
Abalone
76%
Sea Dragon
73.7%
Mudpuppy
72.5%
Nautilus
71.8%
Limpet
71.4%
Dugong
70%
Eagle Ray
68.5%
Killifish
53%
Seven-arm Octopus
38.6%
Xenia
21.1%

You're not logged in!

Compare scores with friends on all Sporcle quizzes.
Join for Free
OR
Log In

You Might Also Like...

Show Comments

Extras

Top Quizzes Today


Score Distribution

Your Account Isn't Verified!

In order to create a playlist on Sporcle, you need to verify the email address you used during registration. Go to your Sporcle Settings to finish the process.

Report this User

Report this user for behavior that violates our Community Guidelines.

Details: